000 00678nam a2200229Ii 4500
003 JO-AjNU
008 230605s9999||||xx |||||||||||||| ||und||
017 _a1982/2097
020 _a977-7398-35-0
040 _aJO-AjNU
_bara
_erda
_cJO-AjNU
041 _aara
050 1 4 _aBP170.A2334 1982
100 3 _aمحمود، عبد الحليم,
_eauthor
_937954
245 0 0 _aفتاوى عن الشيوعية
250 _aط3
264 3 1 _aالقاهرة: دار المعارف، 1982
300 _a96ص
336 _atext
_btxt
_2rdacontent
337 _aunmediated
_bn
_2rdamedia
338 _avolume
_bnc
_2rdacarrier
650 4 _aالاسلام والشيوعية
_937955
999 _aA15905
_c19473
_d19473